| 000 | 00444nam a22001697a 4500 | ||
|---|---|---|---|
| 008 | 220209b |||||||| |||| 00| 0 eng d | ||
| 020 | _a8123907389 | ||
| 050 |
_aSf769 _b.S27 2002 c.1 |
||
| 100 | _aSastry, Ganti A. | ||
| 245 |
_aVeterinary Pathology _cGanti A. Sastry |
||
| 250 | _a7th ed. | ||
| 260 |
_aNew Delhi _bCBS Publishers _c2002 |
||
| 300 | _a782p. | ||
| 650 | _aVeterinary pathology | ||
| 700 | _aRao, P. Rama | ||
| 942 |
_2lcc _cBK |
||
| 999 |
_c19194 _d19193 |
||